| 000 | 01853nam0a2200337 i 4500 | ||
|---|---|---|---|
| 001 | RU\NLR\BIBL_A\010858521 | ||
| 005 | 20260406091413.0 | ||
| 010 |
_a9785946465113 _9600 |
||
| 021 |
_aRU _b2015-68311 _94090 |
||
| 035 | _a(NLR Aleph) 010858521 | ||
| 090 |
_a10409407 _c10409407 |
||
| 100 | _a20151009d2015 k y0rusy50 ca | ||
| 101 | 0 | _arus | |
| 102 | _aRU | ||
| 105 | _aa|||z|||000yy | ||
| 200 | 1 |
_aИнформационные системы эффективного управления предприятиями аграрного сектора региона в условиях неопределенности _fП.И. Огородников, В.В. Дрошнев, М.Ю. Коловертнова [и др. _gотв. ред.: А.И. Татаркин, акад. РАН, д.э.н., проф.] |
|
| 210 |
_aЕкатеринбург _cИнститут экономики УрО РАН _d2015 |
||
| 215 |
_a201 с. _cил. _d20 |
||
| 320 | _aБиблиогр.: с. 190-201 (125 назв.) и в подстроч. примеч. | ||
| 606 |
_aСельскохозяйственные предприятия _xУправление _xИнформационное обеспечение _92563519 _3RU\NLR\AUTH\661516315 |
||
| 675 | _a338.242:004 | ||
| 686 | 1 | _aУ32(2)-219.1ф0 | |
| 701 | 1 |
_8rus _7ca _aОгородников _bП.И. _f1947- _gПетр Иванович _3RU\NLR\AUTH\7725131 _98180 |
|
| 701 | 1 |
_aДрошнев _bВ. В. _gВячеслав Васильевич |
|
| 701 | 1 |
_aКоловертнова _bМ. Ю. _gМария Юрьевна |
|
| 702 | 1 |
_4570 _8rus _7ca _aТатаркин _bА. И. _f1946-2016 _gАлександр Иванович _3RU\NLR\AUTH\7760212 _943143 |
|
| 801 | 0 |
_aRU _bРГБ _c20150903 _gRCR |
|
| 942 | _cBOOK | ||
| 980 | _aNBR | ||